| 000 | 00950nam a22001577a 4500 | ||
|---|---|---|---|
| 003 | OSt | ||
| 005 | 20151020161759.0 | ||
| 008 | 151020b xxu||||| |||| 00| 0 eng d | ||
| 040 | _cRUA | ||
| 082 | _aAVM THA 2010 b091 Or.1 | ||
| 100 |
_92541 _aTHAI, PHOEUM. |
||
| 245 | _aUse of watea hyacinth with cassava hay and urea-minerals mixture on growth of locat ''yellow'' cattle at animal experimental station of royal university of agriculture, ការប្រើប្រាស់កំប្លោកជាមមួយស្លឹកដំទ្បូងមីក្រៀម និងនំគោ ទៅលើការលូតលាស់រ៤បស់ពូជ គោក្នុងស្រុក នៅស្ថានីយ៍ពិសោធន៍សត្វ នៃសាកលវិទ្យាល័យភូមិន្ធកសិកម្ម. | ||
| 260 |
_aphnom phen _bRUA _c2010 |
||
| 300 |
_aXIV, 36p. _bill. _c29cm. |
||
| 942 |
_2ddc _cAVM |
||
| 999 |
_c2395 _d2395 |
||